| 000 | 00600aam a2200205 4500 | ||
|---|---|---|---|
| 005 | 20161101101051.0 | ||
| 008 | 150717b xxu||||| |||| 00| 0 spa d | ||
| 041 | _aEspañol | ||
| 082 | _a153.43 C845e4 | ||
| 100 |
_aCoto, Alberto _914877 |
||
| 245 | _aEntrenamiento mental: como el cálculo y los números aumentan el potencial de la mente | ||
| 260 |
_aEspaña _bEDAF _c2010 |
||
| 300 | _a192 páginas | ||
| 650 |
_aCALCULO MENTAL _914878 |
||
| 650 |
_aLOGICA _97121 |
||
| 650 |
_aCALCULO MATEMATICO _914879 |
||
| 650 |
_aRAZONAMIENTO _914880 |
||
| 650 |
_aMATEMÁTICA _914881 |
||
| 942 | _cBK | ||
| 999 |
_c1865 _d1865 |
||